00185nam a22000857a 4500020001600000100001600016245002100032260003400053300001200087 a067086918-X aJack London aThe Call of Wild aNew YorkbPenguin Groupc1994 a126 pgs